| 000 | 00635pam a2200181 a 4500 | ||
|---|---|---|---|
| 020 | _a0412002116 : | ||
| 020 | _a0412002213 (pbk.) : | ||
| 082 | 0 | 0 |
_a620.1923 _bBIR _cD |
| 100 | 1 |
_aBirley, Arthur W. _940886 |
|
| 245 | 1 | 0 |
_aPlastics materials : _bproperties and applications / _cArthur W. Birley and Martyn J. Scott. |
| 260 |
_aGlasgow : _bLeonard Hill ; _aNew York : _bDistributed in the USA by Chapman and Hall, _cc1982. |
||
| 300 |
_aviii, 167 p. : _bill. ; _c23 cm. |
||
| 500 | _aIncludes index. | ||
| 526 |
_a0 _b0 _c0 _d620_192300000000000_BIR |
||
| 650 | 0 |
_aPlastics. _935927 |
|
| 700 | 1 |
_aScott, Martyn J. _940887 |
|
| 942 |
_2ddc _cBK |
||
| 999 |
_c545118 _d545118 |
||